000 00480nam a2200181Ia 4500
001 3837
005 20260306145712.0
008 260306t2015||||xx |||||||||||||| ||spa||
041 _aESP
082 _a303.625
_bD45
100 _aDegregori, Carlos Iván
_eAUT
245 0 _aJamás tan cerca arremetió lo lejos:
_bsendero luminoso y la violencia política
260 _c2015
300 _a575 páginas :
_c24 cm.
650 _aGEN
654 _aCHU
942 _cLIB
_dJUS
_fJUS
_2ddc
_n
999 _c3837
_d3837